Statistiken für S-Bahn Mitteldeutschland

Klicken Sie hier um das Quiz zu spielen!

Allgemein

  • Dieses Quiz wurde 32 mal gespielt
  • Das Durchschnittsergebnis liegt bei 117 aus 252

Antwortstatistiken

LinieBahnhof% Korrekt
Halle (Saale) Hauptbahnhof
86%
| S10Leipzig Hauptbahnhof
86%
Leipzig-Connewitz
71%
Leipzig Markt
71%
Leipzig MDR
71%
Markkleeberg
71%
Leipzig Bayerischer Bahnhof
67%
Leipzig Nord
67%
Leipzig-Plagwitz
67%
S1 | S2Leipzig-Stötteritz
67%
Leipzig Wilhelm-Leuschner-Platz
67%
Schkeuditz
67%
Torgau
67%
Wurzen
67%
Halle Messe
62%
Leipzig-Gohlis
62%
Leipzig-Leutzsch
62%
Leipzig l Halle Flughafen
62%
Leipzig Messe
62%
S3Oschatz
62%
S5 | S5XZwickau Hauptbahnhof
62%
Altenburg
57%
Bitterfeld
57%
Böhlen
57%
Borna
57%
Halle Neustadt
57%
Leipzig-Engelsdorf
57%
Leipzig-Lindenau
57%
Leipzig-Lützschena
57%
Leipzig Miltitzer Allee
57%
Leipzig-Möckern
57%
Leipzig-Völkerschlachtdenkmal
57%
S4Markkleeberg-Gaschwitz
57%
Böhlen Werke
52%
Delitzsch unterer Bahnhof
52%
Dessau Hauptbahnhof
52%
S6Geithain
52%
Halle-Trotha
52%
Leipzig Coppiplatz
52%
Leipzig Essener Straße
52%
Leipzig-Thekla
52%
Markkleeberg Nord
52%
Taucha
52%
Allee-Center Leipzig
48%
Borsdorf
48%
Delitzsch oberer Bahnhof
48%
Eilenburg
48%
Halle-Nietleben
48%
Leipzig Grünauer Allee
48%
Leipzig Karlsruher Straße
48%
Leipzig Olbrichtstraße
48%
Leipzig Slevogtstraße
48%
Markkleeberg-Großstädteln
48%
Schkeuditz West
48%
Wolfen
48%
Crimmitschau
43%
Eilenburg Ost
43%
Falkenberg
43%
Halle Zoo
43%
Leipzig-Anger-Crottendorf
43%
Lutherstadt Wittenberg Hauptbahnhof
43%
Rackwitz
43%
Frohburg
38%
Gößnitz
38%
Gröbers
38%
Großkugel
38%
Halle-Rosengarten
38%
Halle-Silberhöhe
38%
Halle Südstadt
38%
Jüterbog
38%
Leipzig Mockauer Straße
38%
Leipzig-Wahren
38%
Lutherstadt Eisleben
38%
Neukieritzsch
38%
Werdau
38%
Beilrode
33%
Bennewitz
33%
Dessau Süd
33%
Dieskau
33%
Gerichshain
33%
Halle Wohnstadt Nord
33%
Kühren
33%
Leipzig-Heiterblick
33%
Lichtentanne
33%
Mockrehna
33%
Regis-Breitingen
33%
Rehfeld
33%
Werdau Nord
33%
Dahlen
29%
Doberschütz
29%
Gräfenhainichen
29%
Halle Dessauer Brücke
29%
Halle Steintorbrücke
29%
Halle Südstadt
29%
Landsberg
29%
Pönitz
29%
Ponitz
29%
Schweinsburg-Culten
29%
Zahna
29%
Zschortau
29%
Altenbach
24%
Burgkemnitz
24%
Zw. 1Greppin
24%
Jesewitz
24%
Jeßnitz
24%
Kämmereiforst
24%
Klitschmar
24%
Kyhna
24%
Landsberg Süd
24%
Lehndorf
24%
Machern
24%
Marke
24%
Zw. 2Muldenstein
24%
Niedergörsdorf
24%
Peißen
24%
Petersroda
24%
Raguhn
24%
Reußen
24%
Röblingen am See
24%
Sangerhausen
24%
Steinpleis
24%
Treben-Lehma
24%
Angersdorf
19%
Bergwitz
19%
Blönsdorf
19%
Brehna
19%
Bülzig
19%
Deutzen
19%
Großdeuben
19%
Halle Zscherbener Straße
19%
Hohenroda
19%
Hohenthurm
19%
Lobstädt
19%
Neukirchen-Wyhra
19%
Petergrube
19%
Pratau
19%
Radis
19%
Roitzsch
19%
Teutschenthal
19%
Zörnigall
19%
Zscherben
19%
Amsdorf
14%
Blankenheim
14%
Erdeborn
14%
Krensitz
14%
Riestedt
14%
Teutschenthal Ost
14%
Wansleben am See
14%
Wolferode
14%

Verteilung der Resultate

Perzentil nach korrekt beantworteten Fragen

Anzahl Personen mit jedem Resultat

Ihre Resultats-Entwicklung

Sie haben dieses Quiz noch nicht gespielt